[Event "Titled Tue 3rd Jun Early"]
[Site "chess.com INT"]
[Date "2025.06.03"]
[Round "4"]
[White "Sahetchian, Armand"]
[Black "Fisabilillah, Ummi"]
[Result "1/2-1/2"]
[WhiteTitle "CM"]
[BlackTitle "WIM"]
[WhiteElo "2024"]
[BlackElo "2115"]
[WhiteFideId "607150"]
[BlackFideId "7104804"]
[EventDate "2025.06.03"]

1. d4 c5 2. d5 e5 3. dxe6 dxe6 4. Qxd8+ Kxd8 5. g3 Nc6 6. c3 Bd6 7. Bg2 Kc7 8.
Na3 a6 9. Nh3 Nge7 10. O-O h6 11. Nc4 e5 12. Ne3 Be6 13. f4 f6 14. fxe5 Bxe5 15.
Nf4 Bf7 16. Ned5+ Nxd5 17. Nxd5+ Bxd5 18. Bxd5 Rad8 19. Be4 Rd6 20. Be3 b6 21.
Rad1 Rhd8 22. Rxd6 Bxd6 23. Rd1 Re8 24. Bxc6 Kxc6 25. Kf2 Bc7 26. Bf4 Rd8 27.
Rxd8 Bxd8 28. e4 Bc7 29. Ke3 b5 30. h4 Bb6 31. h5 c4+ 32. Ke2 Kd7 33. Be3 Bc7
34. Bf4 Bd6 35. Ke3 Bc5+ 36. Ke2 Ke6 37. Be3 Bd6 38. Bf4 Be5 39. Bxe5 fxe5 40.
Kf3 Kf6 41. Kg4 a5 42. a3 g6 43. hxg6 Kxg6 44. Kh4 h5 45. g4 hxg4 46. Kxg4 a4
47. Kh4 Kh6 48. Kg4 Kg6 49. Kh4 Kh6 50. Kg4 Kg6 1/2-1/2

[Event "Titled Tue 3rd Jun Early"]
[Site "chess.com INT"]
[Date "2025.06.03"]
[Round "4"]
[White "Huseynova, Dinara"]
[Black "Moosavifar, Seyed Abolfazl"]
[Result "1-0"]
[WhiteTitle "WCM"]
[BlackTitle "FM"]
[WhiteElo "1822"]
[BlackElo "2303"]
[WhiteFideId "13437313"]
[BlackFideId "42548195"]
[EventDate "2025.06.03"]

1. d4 d5 2. Nf3 e6 3. e3 Nf6 4. Bd3 c5 5. b3 Nc6 6. Nbd2 cxd4 7. exd4 Nb4 8. Be2
Qc7 9. c4 dxc4 10. bxc4 Nc6 11. O-O Bd6 12. Bb2 Qd8 13. d5 exd5 14. cxd5 Nb8 15.
Bb5+ Bd7 16. Re1+ Kf8 17. Qe2 a6 18. Bxd7 Nbxd7 19. Ne4 Nxe4 20. Qxe4 Nf6 21.
Qd3 h6 22. Rac1 g6 23. Qd4 Kg7 24. Ne5 Re8 25. Ng4 Be7 26. h3 Qd6 27. Rxe7 Rxe7
28. Qxf6+ Qxf6 29. Bxf6+ Kf8 30. Bxe7+ Kxe7 31. Rc7+ Kd6 32. Rxb7 f5 33. Nxh6
Kxd5 34. Rg7 Rb8 35. Rxg6 a5 36. Nxf5 Rb1+ 37. Kh2 Rb2 38. Ne3+ Kc5 39. h4 Rxa2
40. h5 Rxf2 41. h6 Rf7 42. Rg7 Rf6 43. Ng4 Rf5 44. h7 Rh5+ 45. Kg3 Kb4 46. Nf6
Rh6 47. Rg8 a4 48. h8=Q Rxh8 49. Rxh8 a3 50. Ra8 1-0

[Event "Titled Tue 3rd Jun Early"]
[Site "chess.com INT"]
[Date "2025.06.03"]
[Round "4"]
[White "Turcsanyi, Vince Gergo"]
[Black "Gong, Qianyun"]
[Result "0-1"]
[WhiteTitle "FM"]
[BlackTitle "WGM"]
[WhiteElo "2321"]
[BlackElo "2265"]
[WhiteFideId "791784"]
[BlackFideId "8602425"]
[EventDate "2025.06.03"]

1. e4 c5 2. Nc3 Nc6 3. f4 e6 4. Nf3 d5 5. Bb5 d4 6. Ne2 Qb6 7. a4 a6 8. Bxc6+
Qxc6 9. d3 Nf6 10. a5 Qc7 11. O-O Bd7 12. Nd2 Bc6 13. Nc4 Be7 14. h3 O-O 15. g4
Rfe8 16. Ng3 Bf8 17. Bd2 Rad8 18. Qe2 Bb5 19. b3 Nd7 20. g5 f5 21. exf5 exf5 22.
Qf2 g6 23. Rae1 Bg7 24. h4 Bc6 25. h5 Nf8 26. Rxe8 Rxe8 27. Re1 Ne6 28. Kh2 Qd7
29. Ne5 Bxe5 30. Rxe5 Nd8 31. Rxe8+ Qxe8 32. b4 Qd7 33. bxc5 Qd5 34. c4 dxc3 35.
Bxc3 Ne6 36. d4 Nxf4 37. Bd2 Ne6 38. hxg6 hxg6 39. Be3 f4 0-1

[Event "Titled Tue 3rd Jun Early"]
[Site "chess.com INT"]
[Date "2025.06.03"]
[Round "4"]
[White "Ramu, K."]
[Black "Mayaud, Raphael"]
[Result "1-0"]
[WhiteTitle "FM"]
[BlackTitle "CM"]
[WhiteElo "2151"]
[BlackElo "2126"]
[WhiteFideId "5006171"]
[BlackFideId "627151"]
[EventDate "2025.06.03"]

1. e4 c6 2. d3 d5 3. Nd2 g6 4. Ngf3 Bg7 5. g3 e5 6. Bg2 Ne7 7. O-O O-O 8. b4 h6
9. Bb2 Qd6 10. a3 Be6 11. Re1 Nd7 12. c3 Rad8 13. Qc2 f5 14. Rad1 Rf7 15. Nh4 g5
16. Nxf5 Nxf5 17. exf5 Bxf5 18. c4 Rdf8 19. Qb3 Be6 20. Re2 Bg4 21. f3 Be6 22.
Rde1 Kh8 23. Bc3 h5 24. Qb2 d4 25. Bxd4 Qxd4+ 26. Qxd4 exd4 27. Rxe6 a5 28. Ne4
g4 29. f4 axb4 30. axb4 Ra8 31. Ng5 Rf5 32. Re7 Nf8 33. Rxb7 h4 34. Bxc6 hxg3
35. hxg3 Bh6 36. Nf7+ Rxf7 37. Rxf7 Ng6 38. Be4 Ne5 39. fxe5 Be3+ 40. Kh2 Kg8
41. Bxa8 Kxf7 42. b5 1-0

[Event "Titled Tue 3rd Jun Early"]
[Site "chess.com INT"]
[Date "2025.06.03"]
[Round "4"]
[White "Andrews, Todd"]
[Black "Rustemov, Alexander"]
[Result "0-1"]
[WhiteTitle "FM"]
[BlackTitle "GM"]
[WhiteElo "2097"]
[BlackElo "2525"]
[WhiteFideId "2012456"]
[BlackFideId "4119002"]
[EventDate "2025.06.03"]

1. e4 e6 2. d4 d5 3. exd5 exd5 4. c4 Nf6 5. Nc3 Bb4 6. Nf3 O-O 7. Bd3 dxc4 8.
Bxc4 Nc6 9. O-O Bg4 10. Be3 Bd6 11. h3 Bf5 12. Bg5 h6 13. Be3 a6 14. Re1 Qd7 15.
Bf1 Rfe8 16. Qd2 Ne4 17. Nxe4 Bxe4 18. a3 Bxf3 19. gxf3 Qf5 20. f4 Ne7 21. Qd3
Qxd3 22. Bxd3 Nd5 23. f5 Bf4 24. Bxf4 Nxf4 25. Bf1 Kf8 26. f3 Rad8 27. Rxe8+
Kxe8 28. Re1+ Kf8 29. Re4 Nd5 30. Kf2 Nf6 31. Rh4 Ke7 32. Bc4 Rd7 33. Ke3 Kd6
34. b4 Re7+ 35. Kf2 c6 36. Bb3 b5 37. Bc2 Ra7 38. a4 bxa4 39. Bxa4 Rb7 40. Bb3
Rxb4 41. Bxf7 a5 42. Kg3 a4 43. Ba2 a3 44. d5 Rxh4 45. Kxh4 cxd5 46. f4 d4 47.
Kg3 Nd5 48. Kf3 Nc3 49. Bb3 a2 50. Bxa2 Nxa2 51. Ke4 Kc5 52. f6 gxf6 53. Kf5 d3
54. Kxf6 d2 55. f5 d1=Q 56. Kg7 Kd6 57. f6 0-1

[Event "Titled Tue 3rd Jun Early"]
[Site "chess.com INT"]
[Date "2025.06.03"]
[Round "4"]
[White "Ndirangu, Nyaruai, Joyce"]
[Black "Araujo Filho, Luiz Antonio Coel"]
[Result "1-0"]
[WhiteTitle "WCM"]
[WhiteElo "1933"]
[BlackElo "2077"]
[WhiteFideId "10802886"]
[BlackFideId "2130661"]
[EventDate "2025.06.03"]

1. d4 f5 2. Bf4 Nf6 3. e3 g6 4. c4 Bg7 5. Nc3 O-O 6. d5 d6 7. Nf3 Nbd7 8. Be2 a6
9. Ng5 Nb6 10. a4 h6 11. Nf3 g5 12. Bg3 Bd7 13. a5 Nc8 14. Qc2 e5 15. dxe6 Bxe6
16. Nd4 Qd7 17. Rd1 Ne7 18. c5 d5 19. Bxc7 Ne4 20. Nxe6 Qxe6 21. Nxd5 Nxd5 22.
Rxd5 Rac8 23. Bc4 Kh8 24. Bb6 Qe7 25. O-O Nxc5 26. Rxf5 Nd7 27. Rxf8+ Qxf8 28.
b3 Nxb6 29. axb6 Qc5 30. Qg6 1-0

[Event "Titled Tue 3rd Jun Early"]
[Site "chess.com INT"]
[Date "2025.06.03"]
[Round "4"]
[White "Kawka, Milena"]
[Black "Kim, Sergey"]
[Result "0-1"]
[WhiteTitle "WCM"]
[BlackTitle "FM"]
[WhiteElo "2004"]
[BlackElo "2295"]
[WhiteFideId "21095167"]
[BlackFideId "13700570"]
[EventDate "2025.06.03"]

1. e4 e5 2. Nf3 Nc6 3. Bb5 a6 4. Ba4 Nf6 5. O-O b5 6. Bb3 Bc5 7. a4 Bb7 8. c3 d6
9. d4 Bb6 10. a5 Ba7 11. h3 h6 12. Be3 O-O 13. Nbd2 Re8 14. d5 Ne7 15. Bxa7 Rxa7
16. g3 c6 17. dxc6 Bxc6 18. Qe2 d5 19. Nxe5 dxe4 20. Nxf7 Qa8 21. Nd6+ Kh7 22.
Nxe8 Qxe8 23. Be6 Qg6 24. Kh2 Nf5 25. Bxf5 Qxf5 26. Nb3 Qd5 27. Nd4 Ba8 28. Qe3
Re7 29. Rad1 Qh5 30. Qe2 Qg6 31. Rfe1 Re5 32. f4 Rh5 33. f5 Qg5 34. Kg2 e3+ 35.
Nf3 Qxf5 36. Qxe3 Qxh3+ 37. Kg1 Rf5 38. Nh2 Qg2# 0-1

[Event "Titled Tue 3rd Jun Early"]
[Site "chess.com INT"]
[Date "2025.06.03"]
[Round "4"]
[White "Montano Vicente, Guadalupe"]
[Black "Cuellar Montes, Alejandro"]
[Result "0-1"]
[BlackTitle "CM"]
[WhiteElo "1940"]
[BlackElo "2173"]
[WhiteFideId "5181399"]
[BlackFideId "32096836"]
[EventDate "2025.06.03"]

1. d4 Nf6 2. c4 e6 3. Nf3 b6 4. g3 Bb7 5. Bg2 Be7 6. O-O O-O 7. d5 d6 8. Nc3 e5
9. e4 Nbd7 10. Qe2 a5 11. b3 Ne8 12. Ne1 g6 13. g4 Ng7 14. Bh6 f5 15. gxf5 gxf5
16. exf5 Rxf5 17. Be4 Rf6 18. Bg5 Rf7 19. Bxe7 Qxe7 20. Ng2 Nc5 21. Bc2 Bc8 22.
Ne4 Nxe4 23. Bxe4 Bf5 24. f3 Nh5 25. Kh1 Bh3 26. Rg1 Rg7 27. Ne3 Nf4 28. Qf2 Rf8
29. Rxg7+ Kxg7 30. Rg1+ Kh8 31. Rg3 Qf6 32. a3 Qh6 33. Qe1 Bd7 34. Ng4 Bxg4 35.
Rxg4 Qh3 36. Qg3 Qf1+ 37. Qg1 Qxg1+ 38. Kxg1 h5 39. Rg5 Nh3+ 0-1

[Event "Titled Tue 3rd Jun Early"]
[Site "chess.com INT"]
[Date "2025.06.03"]
[Round "4"]
[White "Darmanin, Jake"]
[Black "Berezin, Viktor RUS"]
[Result "1-0"]
[WhiteTitle "CM"]
[BlackTitle "FM"]
[WhiteElo "2065"]
[BlackElo "1921"]
[WhiteFideId "5601061"]
[BlackFideId "4128869"]
[EventDate "2025.06.03"]

1. e4 e5 2. Nf3 Nc6 3. Bb5 a6 4. Ba4 Nf6 5. O-O Be7 6. Re1 b5 7. Bb3 O-O 8. h3
d6 9. c3 Na5 10. Bc2 c5 11. d4 Qc7 12. Nbd2 cxd4 13. cxd4 Nc6 14. d5 Nb4 15. Bb1
a5 16. a3 Na6 17. b4 axb4 18. axb4 Bd7 19. Qb3 Nc5 20. bxc5 Rxa1 21. c6 Bc8 22.
Bb2 Ra8 23. Bd3 Nh5 24. Qb4 Nf4 25. Bf1 Qa5 26. Qxa5 Rxa5 27. Bc3 Ra2 28. Bxb5
f5 29. Kf1 fxe4 30. Nxe4 Ba6 31. Bxa6 Rxa6 32. Bb4 Nxh3 33. Bxd6 Bxd6 34. Nxd6
Nf4 35. Rxe5 Ra1+ 36. Ne1 Nd3 37. Re2 Nxe1 38. Rxe1 Ra2 39. f3 Rd2 40. c7 Rxd5
41. c8=Q Rxc8 42. Nxc8 Kf7 43. Re7+ 1-0

[Event "Titled Tue 3rd Jun Early"]
[Site "chess.com INT"]
[Date "2025.06.03"]
[Round "4"]
[White "Gbiorczyk, Mikolaj"]
[Black "Nakonechnyi, Oleksii"]
[Result "0-1"]
[WhiteTitle "CM"]
[BlackTitle "CM"]
[WhiteElo "2191"]
[BlackElo "2224"]
[WhiteFideId "21080763"]
[BlackFideId "34173714"]
[EventDate "2025.06.03"]

1. d4 Nf6 2. Nc3 d5 3. Bf4 e6 4. Nb5 Na6 5. e3 c6 6. Nc3 Qa5 7. a3 b5 8. Bd3 Qb6
9. Nf3 Bd7 10. O-O c5 11. dxc5 Nxc5 12. Ne5 Nxd3 13. cxd3 a6 14. Rc1 Bd6 15.
Nxd7 Nxd7 16. Bxd6 Qxd6 17. Nb1 O-O 18. Qc2 Nb6 19. Qc6 Qd8 20. Nd2 Ra7 21. Nb3
Qb8 22. Na5 h6 23. Qc2 Rd7 24. b3 Rc8 25. Qe2 Rdc7 26. Rxc7 Qxc7 27. e4 Qc3 28.
b4 Qxa3 29. exd5 Nxd5 30. Nb7 Qxb4 31. h3 Qe7 32. Na5 Qc7 33. Nb3 Qb6 34. Qd2 b4
35. Rc1 Rc3 36. d4 a5 37. Nc5 Qb5 38. Re1 a4 39. Qd1 b3 40. Qg4 Rxc5 41. dxc5 b2
42. c6 b1=Q 43. Rxb1 Qxb1+ 44. Kh2 Qb8+ 45. g3 Qa8 46. c7 Nxc7 47. Qc4 Nd5 48.
h4 a3 49. Qa2 Nb4 50. Qa1 a2 51. h5 Nc2 52. Qc3 a1=Q 53. Qxc2 Q1h1# 0-1

[Event "Titled Tue 3rd Jun Early"]
[Site "chess.com INT"]
[Date "2025.06.03"]
[Round "4"]
[White "Omariev, Maksim"]
[Black "Hindermann, Felix"]
[Result "1/2-1/2"]
[WhiteTitle "FM"]
[BlackTitle "FM"]
[WhiteElo "2304"]
[BlackElo "2289"]
[WhiteFideId "4193423"]
[BlackFideId "1305212"]
[EventDate "2025.06.03"]

1. b3 b6 2. Bb2 Bb7 3. c4 e6 4. Nf3 f5 5. g3 Nf6 6. Bg2 g6 7. O-O Bg7 8. d4 Ne4
9. Nbd2 Nxd2 10. Qxd2 O-O 11. Rfe1 Be4 12. Rad1 a5 13. d5 Bxb2 14. Qxb2 Qe7 15.
dxe6 dxe6 16. Ne5 Bxg2 17. Kxg2 a4 18. Rd2 Rd8 19. Red1 Rd6 20. b4 a3 21. Qc3
Nd7 22. Nc6 Qf8 23. Rxd6 cxd6 24. Qd4 Rc8 25. Qxd6 Qxd6 26. Rxd6 Rc7 27. Rxe6
Kf7 28. Rd6 Nf6 29. b5 Ne4 30. Rd8 Nc3 31. Ra8 Nxa2 32. Rxa3 Nc1 33. e3 Kf6 34.
Kf1 Rd7 35. Nd4 Rc7 36. Nc6 Rd7 37. Ra6 Rd1+ 38. Kg2 Rd2 39. Nb4 Rb2 40. Rxb6+
Kg5 41. Nd5 Nd3 42. h4+ Kh6 43. Nf4 Rxf2+ 44. Kg1 Rd2 45. Rd6 Rd1+ 46. Kh2 Rd2+
47. Kg1 Rd1+ 48. Kh2 Rd2+ 49. Kg1 1/2-1/2

[Event "Titled Tue 3rd Jun Early"]
[Site "chess.com INT"]
[Date "2025.06.03"]
[Round "4"]
[White "Baules Rodriguez, Jorge Luis"]
[Black "Modric, Nesa"]
[Result "1-0"]
[WhiteTitle "IM"]
[BlackTitle "CM"]
[WhiteElo "2257"]
[BlackElo "2088"]
[WhiteFideId "6600247"]
[BlackFideId "922579"]
[EventDate "2025.06.03"]

1. d4 d5 2. c4 c6 3. Nf3 Nf6 4. e3 e6 5. Bd3 Nbd7 6. O-O Be7 7. Nc3 O-O 8. Re1
b6 9. e4 dxe4 10. Nxe4 Bb7 11. Nc3 c5 12. d5 exd5 13. cxd5 Nxd5 14. Nxd5 Bxd5
15. Bxh7+ Kxh7 16. Qxd5 Nf6 17. Qc4 Kg8 18. Bg5 Re8 19. Rad1 Qc7 20. Ne5 Bf8 21.
Bxf6 gxf6 22. Ng4 Bg7 23. Ne3 Re5 24. Nd5 Qd6 25. f4 Rxe1+ 26. Rxe1 Rd8 27. Ne7+
Kf8 28. Nf5 Qd2 29. Qe4 Kg8 30. h3 Qxb2 31. Re3 Qc1+ 32. Kh2 Rd1 33. Qe8+ Kh7
34. Qxf7 1-0

[Event "Titled Tue 3rd Jun Early"]
[Site "chess.com INT"]
[Date "2025.06.03"]
[Round "4"]
[White "Sagalchik, Gennadij"]
[Black "Madi, Aidana"]
[Result "1-0"]
[WhiteTitle "GM"]
[BlackTitle "WFM"]
[WhiteElo "2434"]
[BlackElo "1855"]
[WhiteFideId "2007916"]
[BlackFideId "13722689"]
[EventDate "2025.06.03"]

1. d4 Nf6 2. Nc3 g6 3. Bg5 Bg7 4. Qd2 c5 5. d5 d6 6. e4 Nbd7 7. h3 a6 8. a4 Qc7
9. Nge2 Ne5 10. Ng3 h6 11. Be3 Rb8 12. Be2 h5 13. O-O h4 14. Nh1 O-O 15. f4 Ned7
16. Bf2 c4 17. Bxh4 Nc5 18. Bf3 Qb6 19. Nf2 Qc7 20. Bg3 Nfd7 21. a5 b5 22. Rab1
b4 23. Ne2 Qxa5 24. Nd4 Bb7 25. Nc6 Bxc6 26. dxc6 Nb6 27. e5 d5 28. Bxd5 Rbd8
29. Bxf7+ Kxf7 30. Qe2 Qb5 31. c7 Rc8 32. f5 Qc6 33. fxg6+ Qxg6 34. Ne4+ Kg8 35.
Nxc5 Qxg3 36. Ne6 Rxf1+ 37. Rxf1 Qxe5 38. Qg4 Nd7 39. Nxg7 Qxg7 40. Qxd7 Rxc7
41. Qxc7 Qd4+ 42. Kh1 1-0

[Event "Titled Tue 3rd Jun Early"]
[Site "chess.com INT"]
[Date "2025.06.03"]
[Round "4"]
[White "Popov, Tikhon"]
[Black "Harshal, Shahi"]
[Result "1-0"]
[WhiteTitle "CM"]
[BlackTitle "FM"]
[WhiteElo "2173"]
[BlackElo "2143"]
[WhiteFideId "24252026"]
[BlackFideId "5048257"]
[EventDate "2025.06.03"]

1. e4 c5 2. Nf3 d6 3. d4 cxd4 4. Nxd4 Nf6 5. Nc3 Nc6 6. Bg5 e6 7. Qd3 Be7 8.
O-O-O a6 9. Nxc6 bxc6 10. Qg3 Qa5 11. f4 Nh5 12. Qh4 Bxg5 13. fxg5 g6 14. Be2
Rb8 15. Bxh5 gxh5 16. Rxd6 Qb4 17. Rd3 Qxb2+ 18. Kd2 Qb6 19. Rb1 Qc7 20. Rxb8
Qxb8 21. g6 Qc7 22. Qf6 O-O 23. gxh7+ Kxh7 24. e5 Rg8 25. g3 Rg6 26. Qf4 f6 27.
exf6 Qxf4+ 28. gxf4 c5 29. Rd8 Rg8 30. Rd6 Kg6 31. Rc6 Kxf6 32. Rxc5 Bb7 33. Rc7
Rg2+ 34. Kd3 Bd5 35. Ra7 Rxh2 36. Rxa6 Kf5 37. Ra5 Kxf4 38. Nxd5+ exd5 39. Rxd5
h4 40. a4 Rh3+ 41. Kc4 Ra3 42. Kb4 Ra2 43. Kb3 Ra1 44. Rd4+ Kg3 45. Kb2 1-0

[Event "Titled Tue 3rd Jun Early"]
[Site "chess.com INT"]
[Date "2025.06.03"]
[Round "4"]
[White "Lyakh, Vasiliy"]
[Black "Kleimenov, Nikolay"]
[Result "0-1"]
[BlackTitle "CM"]
[WhiteElo "2116"]
[BlackElo "2198"]
[WhiteFideId "14189828"]
[BlackFideId "34414223"]
[EventDate "2025.06.03"]

1. d4 Nf6 2. c4 g6 3. Nc3 Bg7 4. e4 d6 5. Nf3 O-O 6. Be2 e5 7. d5 a5 8. Be3 Na6
9. Nd2 Nd7 10. g4 Nac5 11. h4 f5 12. gxf5 gxf5 13. exf5 Rxf5 14. Qc2 Nf6 15.
O-O-O Qf8 16. h5 h6 17. Rdg1 Kh8 18. Rg6 Nh7 19. Rhg1 Rf7 20. Bg4 Bxg4 21. R1xg4
Nf6 22. Rg1 Ng8 23. Bxc5 dxc5 24. Nde4 Ne7 25. Re6 Nf5 26. Nb5 Re8 27. Rgg6 Rxe6
28. dxe6 Re7 29. Nxc5 Nd4 30. Nxd4 exd4 31. a3 Qf4+ 32. Kb1 Qe5 33. Nd3 Qe4 34.
Nc5 Qe1+ 35. Ka2 b6 36. Nd3 Qe4 37. Qd2 Rxe6 38. Rxe6 Qxe6 39. b3 Qf5 40. Qe2
Kh7 41. Kb2 Bf6 42. Kc2 Qd7 43. Qe4+ Kh8 44. f4 Qe7 45. Qxe7 Bxe7 46. a4 Kg7 47.
Kd2 Kf6 48. Ke2 Kf5 49. Kf3 Bd6 50. Kg3 Ba3 51. Kf3 Bc1 52. Kg3 Bd2 53. Kf3 Be3
54. Kg3 Ke4 0-1

[Event "Titled Tue 3rd Jun Early"]
[Site "chess.com INT"]
[Date "2025.06.03"]
[Round "4"]
[White "Miranda Camus, Joaquin Ignacio"]
[Black "Shafer, Logan C"]
[Result "1/2-1/2"]
[WhiteTitle "FM"]
[BlackTitle "CM"]
[WhiteElo "2196"]
[BlackElo "2291"]
[WhiteFideId "3449300"]
[BlackFideId "30993342"]
[EventDate "2025.06.03"]

1. d4 Nf6 2. Nf3 e6 3. Bf4 c5 4. e3 cxd4 5. exd4 b6 6. Bd3 Bb7 7. O-O d6 8. c4
Be7 9. Nc3 O-O 10. Re1 Nbd7 11. h3 a6 12. a4 Qc7 13. a5 Rfc8 14. axb6 Nxb6 15.
b3 Qc6 16. Rc1 Rd8 17. Ne4 Nxe4 18. Bxe4 Qd7 19. d5 e5 20. Bg5 h6 21. Be3 f5 22.
Bxb6 fxe4 23. Bxd8 exf3 24. Bxe7 fxg2 25. Qg4 Qxe7 26. Kxg2 Rf8 27. Re3 Bc8 28.
Qg3 Qf6 29. Rf3 Bxh3+ 30. Qxh3 Qg5+ 31. Rg3 Qxc1 32. Qe6+ Kh8 33. Qe7 Rg8 34.
Qxd6 Qf4 35. c5 Qe4+ 36. Kf1 Qh1+ 37. Ke2 Qe4+ 38. Re3 Qc2+ 39. Kf1 Qd1+ 40. Kg2
Qg4+ 41. Rg3 Qe4+ 42. Kh3 Qf5+ 43. Kg2 Qe4+ 1/2-1/2

[Event "Titled Tue 3rd Jun Early"]
[Site "chess.com INT"]
[Date "2025.06.03"]
[Round "4"]
[White "Triapishko, Alexandr"]
[Black "Asensio Ramos, Enrique Fernando"]
[Result "1-0"]
[WhiteTitle "IM"]
[BlackTitle "CM"]
[WhiteElo "2459"]
[BlackElo "2206"]
[WhiteFideId "14122286"]
[BlackFideId "2214172"]
[EventDate "2025.06.03"]

1. e4 c5 2. Nf3 d6 3. d4 cxd4 4. Nxd4 Nf6 5. Nc3 g6 6. f3 Nc6 7. Be3 h5 8. Qd2
Nxd4 9. Bxd4 Bh6 10. Be3 Bxe3 11. Qxe3 Be6 12. O-O-O Qa5 13. Kb1 Rc8 14. a3 a6
15. Ne2 Qc5 16. Qxc5 Rxc5 17. h4 O-O 18. Nf4 Bc4 19. Bxc4 Rxc4 20. Rhe1 Rfc8 21.
Rd2 Kf8 22. b3 R4c5 23. Kb2 b5 24. Ra1 Nd7 25. a4 a5 26. Nd3 b4 27. Nxc5 Nxc5
28. Rd5 f6 29. Rad1 Kf7 30. R1d4 Rc6 31. Rc4 e6 32. Rdd4 e5 33. Rxc5 dxc5 34.
Rd7+ Ke6 35. Ra7 c4 36. Rxa5 c3+ 37. Kc1 Rd6 38. Rb5 Rd2 39. Rxb4 Rxg2 40. Rb6+
Ke7 41. Kb1 Rg1+ 42. Ka2 Rc1 43. b4 Rxc2+ 44. Kb3 Rc1 45. a5 c2 46. Kb2 Rf1 47.
Kxc2 Rxf3 48. a6 Ra3 49. Kb2 Ra4 50. Kb3 Ra1 51. b5 f5 52. Rxg6 fxe4 53. Kc3
Ra3+ 54. Kd2 1-0

[Event "Titled Tue 3rd Jun Early"]
[Site "chess.com INT"]
[Date "2025.06.03"]
[Round "4"]
[White "Nepomniachtchi, Ian"]
[Black "Kezin, Roman"]
[Result "1-0"]
[WhiteTitle "GM"]
[BlackTitle "IM"]
[WhiteElo "2757"]
[BlackElo "2471"]
[WhiteFideId "4168119"]
[BlackFideId "24124621"]
[EventDate "2025.06.03"]

1. e4 c5 2. Nf3 e6 3. d4 cxd4 4. Nxd4 Nc6 5. Nc3 Qc7 6. Qd3 Nf6 7. Ndb5 Qb8 8.
Qg3 d6 9. Be3 a6 10. Nd4 Bd7 11. O-O-O h5 12. f3 b5 13. Kb1 h4 14. Qe1 b4 15.
Nxc6 Bxc6 16. Nd5 a5 17. Nb6 Ra7 18. Nc4 Ra8 19. Qd2 d5 20. Nb6 dxe4 21. Nxa8
Qxa8 22. Bg5 Be7 23. Be2 h3 24. Bxf6 Bxf6 25. g4 exf3 26. Bc4 g5 27. Rhe1 O-O
28. Qf2 Kg7 29. Qg3 a4 30. Qxh3 a3 31. Qg3 axb2 32. h4 Qa5 33. hxg5 Qxg5 34. Rh1
Rh8 35. Rxh8 Kxh8 36. Qc7 Be4 37. Qxf7 f2 38. Qxe6 Bg6 39. Qg8# 1-0

[Event "Titled Tue 3rd Jun Early"]
[Site "chess.com INT"]
[Date "2025.06.03"]
[Round "4"]
[White "Nguyen, Ngoc Truong Son"]
[Black "Herrera Ortiz, Miguel"]
[Result "1-0"]
[WhiteTitle "GM"]
[BlackTitle "IM"]
[WhiteElo "2632"]
[BlackElo "2174"]
[WhiteFideId "12401110"]
[BlackFideId "5100550"]
[EventDate "2025.06.03"]

1. e4 e6 2. d4 d5 3. e5 c5 4. c3 Ne7 5. Nf3 Nec6 6. Na3 b6 7. Bb5 Ba6 8. O-O Be7
9. Bxa6 Nxa6 10. Qa4 Qc8 11. Bg5 O-O 12. Bxe7 Nxe7 13. Nb5 Nb8 14. Nd6 Qd7 15.
Qc2 h6 16. g4 Nbc6 17. g5 h5 18. Rad1 g6 19. Nh4 Kg7 20. Qe2 Nc8 21. dxc5 bxc5
22. Ne4 Qc7 23. Nxc5 Qxe5 24. Qxe5+ Nxe5 25. Rfe1 Nc6 26. b4 Nb6 27. Nxe6+ fxe6
28. Rxe6 Rac8 29. Rxg6+ Kh7 30. Re1 Rf4 31. Rh6+ Kg7 32. Rxh5 Rcf8 33. Re6 Nd8
34. Rg6+ Kf7 35. Rh7+ Ke8 36. Rgg7 Nc8 37. Ng6 R8f7 38. Rg8+ Kd7 39. Ne5+ Kc7
40. Nxf7 Rxf7 41. Rxf7+ Nxf7 42. Rg7 Nd6 43. g6 1-0

[Event "Titled Tue 3rd Jun Early"]
[Site "chess.com INT"]
[Date "2025.06.03"]
[Round "4"]
[White "Grodotzki, Kenneth"]
[Black "Bahmani, Koorosh"]
[Result "1-0"]
[WhiteTitle "CM"]
[BlackTitle "CM"]
[WhiteElo "1984"]
[BlackElo "2208"]
[WhiteFideId "4648560"]
[BlackFideId "42576750"]
[EventDate "2025.06.03"]

1. f4 c6 2. Nf3 d5 3. g3 Nd7 4. Bg2 Qc7 5. O-O Ngf6 6. d3 e5 7. Nc3 Bd6 8. e4
dxe4 9. dxe4 exf4 10. gxf4 Bxf4 11. Bxf4 Qxf4 12. Kh1 O-O 13. Nd4 Qc7 14. Nf5
Ne5 15. Qe1 Ng6 16. h3 Re8 17. Qf2 Bxf5 18. Qxf5 Nh4 19. Qg5 Nxg2 20. Rxf6 Kh8
21. Rf2 Re5 22. Qxg2 Rh5 23. Rg1 f6 24. Qg3 Qd7 25. Rh2 Rd8 26. Qg4 Qf7 27. Rhg2
Rg5 28. Qf3 Rxg2 29. Rxg2 Qe7 30. Qg3 h6 31. Kh2 Rd7 32. Ne2 Qe5 33. Nf4 1-0

[Event "Titled Tue 3rd Jun Early"]
[Site "chess.com INT"]
[Date "2025.06.03"]
[Round "4"]
[White "Toroptseva, Yevheniia"]
[Black "Belov, Alexei"]
[Result "1/2-1/2"]
[WhiteTitle "WFM"]
[BlackTitle "IM"]
[WhiteElo "2064"]
[BlackElo "2421"]
[WhiteFideId "34109374"]
[BlackFideId "4128206"]
[EventDate "2025.06.03"]

1. b3 d5 2. Bb2 e6 3. g3 Nf6 4. Bg2 Be7 5. d3 O-O 6. Nd2 c5 7. e3 Nc6 8. Ne2 e5
9. O-O d4 10. exd4 exd4 11. Ne4 Nxe4 12. Bxe4 Bh3 13. Bg2 Bxg2 14. Kxg2 Qd5+ 15.
f3 Bd6 16. Bc1 Rfe8 17. Bf4 Bxf4 18. Nxf4 Qd6 19. Re1 Nb4 20. Rxe8+ Rxe8 21. a3
Nd5 22. Nxd5 Qxd5 23. Qd2 Re3 24. Qf2 Qe5 25. Kf1 Qf5 26. Re1 Rxe1+ 27. Kxe1 h5
28. f4 Kf8 29. Qf3 Qe6+ 30. Kf2 h4 31. Qxb7 Qe3+ 32. Kg2 Qe2+ 33. Kh3 Qxc2 34.
Qb8+ Ke7 35. Qxa7+ Kf6 36. Qb6+ Kf5 37. Qb7 Kf6 38. Qc6+ Ke7 39. Qc7+ Ke8 40.
Qe5+ Kf8 41. Qd6+ Ke8 42. Qc6+ Ke7 43. Qb7+ Ke8 44. Qc6+ Ke7 1/2-1/2

[Event "Titled Tue 3rd Jun Early"]
[Site "chess.com INT"]
[Date "2025.06.03"]
[Round "4"]
[White "Sailer, Mike"]
[Black "Chen, Yidong"]
[Result "0-1"]
[WhiteElo "2108"]
[BlackElo "2038"]
[WhiteFideId "2012901"]
[BlackFideId "8607028"]
[EventDate "2025.06.03"]

1. d4 Nf6 2. Nf3 g6 3. Bf4 Bg7 4. e3 O-O 5. Be2 d6 6. O-O Nbd7 7. h3 Re8 8. c4
b6 9. Nc3 Bb7 10. b4 e5 11. Bh2 exd4 12. exd4 Ne4 13. Nxe4 Bxe4 14. Rc1 a5 15.
b5 a4 16. Re1 a3 17. Rc3 Ra5 18. Re3 Bh6 19. Rc3 Nf6 20. Bd3 Kg7 21. Qc2 Bxf3
22. Rxe8 Qxe8 23. gxf3 Qe1+ 24. Kg2 Nh5 25. Be4 Bd2 26. Rb3 Bf4 27. Bd5 Bxh2 28.
Kxh2 Nf4 29. Kg3 Ne2+ 0-1